000 00719cam a2200157 4500500
005 20260405000549.0
041 _afre
042 _adc
100 1 0 _aRivet de Sabatier, Philippe
_eauthor
245 0 0 _aCurrent issues in social debt. Nicolas Dufourcq, La dette sociale de la France, 1974-2024, Odile Jacob, 2025, 544 pages, €28.90.
260 _c2026.
500 _a46
520 _aAs Art Deco celebrates its centenary, a number of exhibitions in Paris and the surrounding area reflect on the singularity and influence of this movement.
786 0 _nÉtudes | 4335 | 3 | 2026-02-25 | p. 115-116 | 0014-1941
856 4 1 _uhttps://shs.cairn.info/journal-etudes-2026-3-page-115?lang=en&redirect-ssocas=7080
999 _c2038434
_d2038434